|
|
|
|
| LEADER |
01124nam a2200265 a 4500 |
| 001 |
GR-MES12404 |
| 008 |
070605s gr b 001 0 gre d |
| 020 |
|
|
|a 0471460567
|
| 040 |
|
|
|a GrPaTEI
|b gre
|c GR-PaULI
|
| 040 |
|
|
|a GrPaTEI
|b gre
|c GR-PaULI
|
| 082 |
|
0 |
|a 631.41
|2 22
|
| 100 |
1 |
|
|a Conklin, Alfred R.
|
| 245 |
1 |
0 |
|a Introduction to soil chemistry :
|b Analysis and instrumentation /
|c Alfred R. Conklin.
|
| 260 |
|
|
|a Hoboken,N.J. :
|b Wiley-Interscience,
|c 2005
|
| 300 |
|
|
|a xv
|a 218σ. :
|b εικ. ;
|c 25εκ.
|
| 490 |
0 |
|
|a Chemical analysis. 167
|
| 504 |
|
|
|a Περιλαμβάνει βιβλιογραφίες και ευρετήριο.
|
| 650 |
|
0 |
|a Soil chemistry
|v Congresses
|
| 650 |
|
0 |
|a Soils
|x Analysis
|
| 650 |
|
4 |
|a Έδαφος
|x Ανάλυση
|
| 650 |
|
4 |
|a Χημεία εδάφους
|
| 942 |
|
|
|2 ddc
|
| 952 |
|
|
|0 0
|1 0
|2 ddc
|4 0
|6 631_410000000000000_CON
|7 0
|9 271097
|a MSLG
|b MSLG
|c BSC
|d 2021-01-17
|e 24
|f 0
|g 0.00
|l 0
|o 631.41 CON
|p 2420000021906
|r 2021-01-17 00:00:00
|t 1
|v 2021.00
|w 2021-01-17
|y BK15
|x Μεταφορά από Αμαλιάδα (18/10/22)
|x GrPaTEI
|
| 971 |
|
|
|a .b25784511
|b 07-10-20
|c 13-09-16
|
| 999 |
|
|
|c 156531
|d 156531
|